Imigračná politika USA: prípad mexickej imigrácie diplomová práca
Enregistré dans:
| Auteur principal: | |
|---|---|
| Collectivité auteur: | |
| Autres auteurs: | |
| Format: | Livre |
| Langue: | slovaque |
| Publié: |
Bratislava
2024
|
| Tags: |
Pas de tags, Soyez le premier à ajouter un tag!
|
MARC
| LEADER | 00000nbm a2200000 4500 | ||
|---|---|---|---|
| 001 | 0300808 | ||
| 005 | 20250226115436.6 | ||
| 041 | 0 | |a slo | |
| 044 | |a SK | ||
| 245 | 1 | 0 | |a Imigračná politika USA: prípad mexickej imigrácie |b diplomová práca |c Juraj Kiss ; školiteľ: Michael Augustín |
| 264 | 1 | |a Bratislava |c 2024 | |
| 300 | |a 60 s. | ||
| 100 | 1 | |a Kiss, Juraj | |
| 700 | 1 | |a Augustín, Michael, 1991- | |
| 710 | 2 | |a Fakulta medzinárodných vzťahov EU. Katedra medzinárodných politických vzťahov | |